<?xml version="1.0" encoding="UTF-8"?>
<record
    xmlns:xsi="http://www.w3.org/2001/XMLSchema-instance"
    xsi:schemaLocation="http://www.loc.gov/MARC21/slim http://www.loc.gov/standards/marcxml/schema/MARC21slim.xsd"
    xmlns="http://www.loc.gov/MARC21/slim">

  <leader>00936nam a22002057a 4500</leader>
  <controlfield tag="005">20150124123444.0</controlfield>
  <controlfield tag="008">120522t        mx||||| |||| 00| 0 spa d</controlfield>
  <datafield tag="020" ind1=" " ind2=" ">
    <subfield code="a">9683655491</subfield>
  </datafield>
  <datafield tag="050" ind1="0" ind2="4">
    <subfield code="a">F1306 .83 .M67</subfield>
    <subfield code="b">G66 1997</subfield>
  </datafield>
  <datafield tag="100" ind1="1" ind2=" ">
    <subfield code="a">Gonz&#xE1;lez-Polo, Ignacio,</subfield>
    <subfield code="c">[Dr.]</subfield>
    <subfield code="q">[Ignacio Francisco Gonz&#xE1;lez-Polo y Acosta]</subfield>
  </datafield>
  <datafield tag="245" ind1="1" ind2="0">
    <subfield code="a">La Estirpe y el linaje de Jos&#xE9; Mar&#xED;a Morelos /</subfield>
    <subfield code="c">Ignacio Gonz&#xE1;lez ; pr&#xF3;lologo de Ernesto Lemoine.</subfield>
  </datafield>
  <datafield tag="250" ind1=" " ind2=" ">
    <subfield code="a">1a. ed.</subfield>
  </datafield>
  <datafield tag="260" ind1=" " ind2=" ">
    <subfield code="a">M&#xE9;xico :</subfield>
    <subfield code="b">UNAM, Instituto de Investigaciones Bibliogr&#xE1;ficas, Direcci&#xF3;n General de Publicaciones,</subfield>
    <subfield code="c">1997</subfield>
  </datafield>
  <datafield tag="300" ind1=" " ind2=" ">
    <subfield code="a">73 p. :</subfield>
    <subfield code="b">il. ;</subfield>
    <subfield code="c">21 cm.</subfield>
  </datafield>
  <datafield tag="504" ind1=" " ind2=" ">
    <subfield code="a">Bibliograf&#xED;a : p. 67-72 e &#xED;ndice</subfield>
  </datafield>
  <datafield tag="600" ind1="1" ind2="7">
    <subfield code="2">LEMB</subfield>
    <subfield code="a">Morelos y Pav&#xF3;n, Jos&#xE9; Mar&#xED;a,</subfield>
    <subfield code="c">[Don]</subfield>
    <subfield code="d">[1765-1815]</subfield>
    <subfield code="q">[Jos&#xE9; Mar&#xED;a Teclo Morelos y Pav&#xF3;n]</subfield>
    <subfield code="x">Familia</subfield>
  </datafield>
  <datafield tag="651" ind1=" " ind2="7">
    <subfield code="2">LEMB</subfield>
    <subfield code="a">Michoac&#xE1;n de Ocampo</subfield>
    <subfield code="z">M&#xE9;xico</subfield>
    <subfield code="x">Historia</subfield>
    <subfield code="x">Guerra de Independencia, 1810-1821</subfield>
  </datafield>
  <datafield tag="700" ind1="1" ind2=" ">
    <subfield code="a">Lemoine, Ernesto,</subfield>
    <subfield code="e">prol.</subfield>
  </datafield>
  <datafield tag="942" ind1=" " ind2=" ">
    <subfield code="2">lcc</subfield>
    <subfield code="c">LIB</subfield>
  </datafield>
  <datafield tag="999" ind1=" " ind2=" ">
    <subfield code="c">31161</subfield>
    <subfield code="d">31161</subfield>
  </datafield>
  <datafield tag="952" ind1=" " ind2=" ">
    <subfield code="1">0</subfield>
    <subfield code="2">lcc</subfield>
    <subfield code="4">0</subfield>
    <subfield code="7">0</subfield>
    <subfield code="a">INV-033</subfield>
    <subfield code="b">INV-033</subfield>
    <subfield code="c">FM</subfield>
    <subfield code="d">2012-05-22</subfield>
    <subfield code="f">1a ed.</subfield>
    <subfield code="i">H</subfield>
    <subfield code="k">CSA</subfield>
    <subfield code="o">F1306 .83 .M67 G66 1997</subfield>
    <subfield code="p">IIH000005988</subfield>
    <subfield code="r">2012-05-22 00:00:00</subfield>
    <subfield code="t">C:1</subfield>
    <subfield code="v">1.00</subfield>
    <subfield code="y">LIB</subfield>
    <subfield code="z">MICHOAC&#xC1;N</subfield>
  </datafield>
</record>
